000 00776nam a22002297a 4500
999 _c20964
_d20964
003 AR-CdUCM
008 190610b ||||| |||| 00| 0 spa d
040 _aMUNICIPALIDAD PROVINCIAL DEL CUSCO
_cBIBLIOTECA MUNICIPAL DEL CUSCO
082 _a937 /
_bK78
100 _aKovaliov, S. I.
_943744
245 _aHistoria de Roma /
260 _aArgentina,
_bFuturo,
_c1964.
300 _a373 páginas ;
_c22 cm.
500 _alibro reempastado]
505 _aContenido: Características de la historia de Roma -- Fuentes de la historia Romana antigua -- El ambiente geográfico...
650 _aRoma
_92474
650 _aHistoria de Roma
_933418
650 _aRepública romana
_943745
700 _aRavoni, Marcelo (traductor)
_943746
942 _2ddc
_cLIBROS
945 _aAndy